Effect of sand-stabilizing shrubs on soil respiration in a temperate desert (Record no. 58103)

MARC details
000 -LEADER
fixed length control field 02042nam a2200277Ia 4500
100 ## - MAIN ENTRY--AUTHOR NAME
Personal name Zhang Zhi-Shan
245 #0 - TITLE STATEMENT
Title Effect of sand-stabilizing shrubs on soil respiration in a temperate desert
260 ## - PUBLICATION, DISTRIBUTION, ETC. (IMPRINT)
Name of publisher Plant and Soil
Year of publication 2013
300 ## - PHYSICAL DESCRIPTION
Number of Pages 449-463
520 ## - SUMMARY, ETC.
Summary, etc Aims: Explore how soil CO2 efflux and its components change after moving sand dunes are stabilized with shrubs, and how abiotic factors affect those components at different scales. Methods: Soil CO2 efflux from a sand-stabilized area was compared to that from moving sand dunes in the tengger Desert. To partition rhizosphere respiration (RR) from soil basal respiration (RB), a root-isolation plot was established. Results:Compared to moving sand dunes, total soil respiration (RT) in the sand-stabilized area increased 3.2 fold to 0.28+-0.08 meu mol CO2 m-2 s-1, two third of which was from RB. Shrub patchiness produced spatial variation in soil respiration, whereas temporal dynamics of soil respiration were affected mainly by soil water content. Shallow soil water content (0- 20cm) influenced RT and RB, whereas deep soil water content (30-210 cm) influenced RR and the ratio RR/RT. During most of the year when soil water content was below field capacity, diurnal changes in soil respiration were partially decoupled from soil temperature and photosynthetic active radiation. Conclusion: Sand-dune stabilization increased soil respiration, and increased RB from biological soil crust and altered soil properties such as increased soil organic matter contributed more than increased RR from increased shrubs.
650 ## - SUBJECT ADDED ENTRY--TOPICAL TERM
Topical Term Biological soil crusts
650 ## - SUBJECT ADDED ENTRY--TOPICAL TERM
Topical Term Revegetation
650 ## - SUBJECT ADDED ENTRY--TOPICAL TERM
Topical Term Rhizosphere respiration
650 ## - SUBJECT ADDED ENTRY--TOPICAL TERM
Topical Term Soil basal respiration
650 ## - SUBJECT ADDED ENTRY--TOPICAL TERM
Topical Term Tengger Desert
700 ## - ADDED ENTRY--PERSONAL NAME
Personal name Gao Yan-Hong
700 ## - ADDED ENTRY--PERSONAL NAME
Personal name Hu Yi-Gang
700 ## - ADDED ENTRY--PERSONAL NAME
Personal name Huang Lei
700 ## - ADDED ENTRY--PERSONAL NAME
Personal name Jia Rong-Liang
700 ## - ADDED ENTRY--PERSONAL NAME
Personal name Li Xin-Rong
700 ## - ADDED ENTRY--PERSONAL NAME
Personal name Nowak SRobert
700 ## - ADDED ENTRY--PERSONAL NAME
Personal name Wu Pan
700 ## - ADDED ENTRY--PERSONAL NAME
Personal name Zhao Yang
942 ## - ADDED ENTRY ELEMENTS (KOHA)
Koha item type Journals
Holdings
Withdrawn status Lost status Damaged status Not for loan Home library Current library Shelving location Date acquired Serial Enumeration / chronology Koha item type
      Journals RRII Library RRII Library Agronomy 20/09/2013 Volume 367, Issue 02-Jan Journals